01161nab a2200229 4500003001000000005001700010008004100027040001400068041000800082100005200090245008400142260003500226300001100261500034700272650002600619650003100645650002500676650003500701650002700736700007500763773009300838AR-RoBPED20260429093914.0260429b |||||||| |||| 00| 0 spa d aAR-RoBPED aspa1 aAjata Marca, Olivia eProfesora de Matemática aSecuencia didáctica para la enseñanza de la matemática en el plurigrado / aBuenos Aires :bNoveduc,c2023 a2-7 p. aSe presenta una experiencia de capacitación desarrollada en la provincia de San Luis. La misma estuvo dirigida a docentes de todos los niveles educativos de la provincia. En esta línea, se elaboró una propuesta de enseñanza para el plurigrado a partir de un relato docente de un referente rural y en Educación Matemática Realista. 0aPROPUESTA DIDÁCTICA 7aACTIVIDADES DE APRENDIZAJE 7aDOCENTES EN PRACTICA 7aENSEÑANZA DE LAS MATEMATICAS 7aEXPERIENCIA PEDAGOGICA1 aRodríguez, María MartaeLicenciada en Enseñanza de las Ciencias0 020414dBuenos Aires : Noveduc, 1993-tNovedades Educativasw(AR-RoBPED)20414x03283534